| 000 | 00777nas a2200277 4500 | ||
|---|---|---|---|
| 001 | BR0804183 | ||
| 003 | BR-BrBNA | ||
| 005 | 20231205111756.0 | ||
| 007 | ta | ||
| 008 | 230509b bl.|||p| |||| 00| 00por d | ||
| 040 |
_aBR-BrBNA _bpor _cBiblioteca Nacional de Agricultura |
||
| 041 | _a(Pt) | ||
| 072 | _aL73 | ||
| 100 | 1 | _aMenin, A. | |
| 100 | 1 | _aBorowski, S.M. | |
| 100 | 1 | _aPortes, V.M. | |
| 100 | 1 | _aKoller, F. | |
| 100 | 1 | _aBarcellos, D.E.S.N. | |
| 245 | 1 | _aInfecção de suínos pelo Clostridium difficile | |
| 650 | _aSUÍNO | ||
| 650 | _aBACTÉRIA | ||
| 650 | _aINFECÇÃO | ||
| 773 | 0 |
_tA Hora Veterinária (Brazil) _xISSN 0101-9163 _g(Jan-Feb 2005), v. 24(143) p. 37-40 _wBR0804183 |
|
| 909 |
_a202311 _bLúcia _c55 _dLúcia Elande |
||
| 942 |
_2AGRIS _n0 _cANA |
||
| 999 |
_c194423 _d194423 |
||